La escala de Jacob

Guardado en:
Bibliografiske detaljer
Hovedforfatter: Papini, Giovanni
Format: Bog
Sprog:Undetermined
Udgivet: Buenos Aires, Argentina Luis de Cavalt 1955
Fag:
Tags: Tilføj Tag
Ingen Tags, Vær først til at tagge denne postø!

MARC

LEADER 00000nam a2200000Ia 4500
008 170316s9999 xx 000 0 und d
999 |c 8190  |d 8190 
040 |a cru BVZT 
090 |a 850 P-1e 
100 |a Papini, Giovanni 
245 |a La escala de Jacob  |c / Giovanni Papini 
260 |a Buenos Aires, Argentina  |b Luis de Cavalt  |c 1955 
300 |a 200 páginas 
650 |a LITERATURA ITALIANA  |9 212 
942 |c 15 D  |h 850 P-1e  |2 z